Логистика и управление цепями поставок: учебник и практикум для академического бакалавриата

Podrobná bibliografie
Hlavní autor: Лукинский В. С. Валерий Сергеевич
Korporativní autor: Высшая школа экономики (ВШЭ) Национальный исследовательский университет (НИУ)
Další autoři: Лукинский В. В. Владислав Валерьевич, Плетнева Н. Г. Наталия Геннадиевна
Shrnutí:Рассматриваются теоретические и методологические положения логистики и управления цепями поставок, уделено внимание состоянию, тенденциям и пер­спективам развития логистики в нашей стране и за рубежом, приводятся примеры из практической деятельности отечественных и зарубежных компаний, иллюстрирую­щие применение теоретических положений логистики в бизнесе. Значительное место занимает применение методов и моделей логистики для оптимизации параметров логистических процессов, доказывающих, что логистика — это прежде всего искусство вычисления. Отдельные главы посвящены функциональным областям логистики, управлению запасами, складированию, транспортировке, вопросам управления логи­стическими процессами и цепями поставок, а также проектированию цепей поставок. В конце каждой главы представлены выводы, контрольные вопросы и задания для самостоятельного изучения, тесты, а также практические задания.
Jazyk:ruština
Vydáno: Москва, Юрайт, 2016
Edice:Бакалавр. Академический курс
Témata:
Médium: MixedMaterials Kniha
KOHA link:https://koha.lib.tpu.ru/cgi-bin/koha/opac-detail.pl?biblionumber=315171

MARC

LEADER 00000nam0a2200000 4500
001 315171
005 20231102002742.0
010 |a 9785991656139 
035 |a (RuTPU)RU\TPU\book\340604 
090 |a 315171 
100 |a 20160226d2016 m y0rusy50 ca 
101 0 |a rus 
102 |a RU 
105 |a y j 001zy 
200 1 |a Логистика и управление цепями поставок  |e учебник и практикум для академического бакалавриата  |f В. С. Лукинский, В. В. Лукинский, Н. Г. Плетнева  |g Высшая школа экономики (ВШЭ), Национальный исследовательский университет (НИУ) 
210 |a Москва  |c Юрайт  |d 2016 
215 |a 359 с. 
225 1 |a Бакалавр. Академический курс 
320 |a Библиогр.: с. 351. 
320 |a Словарь терминов: с. 352-358. 
330 |a Рассматриваются теоретические и методологические положения логистики и управления цепями поставок, уделено внимание состоянию, тенденциям и пер­спективам развития логистики в нашей стране и за рубежом, приводятся примеры из практической деятельности отечественных и зарубежных компаний, иллюстрирую­щие применение теоретических положений логистики в бизнесе. Значительное место занимает применение методов и моделей логистики для оптимизации параметров логистических процессов, доказывающих, что логистика — это прежде всего искусство вычисления. Отдельные главы посвящены функциональным областям логистики, управлению запасами, складированию, транспортировке, вопросам управления логи­стическими процессами и цепями поставок, а также проектированию цепей поставок. В конце каждой главы представлены выводы, контрольные вопросы и задания для самостоятельного изучения, тесты, а также практические задания. 
606 1 |a Логистика коммерческая  |2 stltpush  |3 (RuTPU)RU\TPU\subj\36366  |9 57774 
610 1 |a экономика 
610 1 |a управление 
610 1 |a конкурентоспособность 
610 1 |a история 
610 1 |a логистические концепции 
610 1 |a менеджмент 
610 1 |a снабжение 
610 1 |a производство 
610 1 |a распределение 
610 1 |a управление 
610 1 |a запасы 
610 1 |a складирование 
610 1 |a транспортировка 
610 1 |a поставки 
610 1 |a логистический менеджмент 
610 1 |a логистические риски 
610 1 |a проектирование 
610 1 |a логистические системы 
610 1 |a практикумы 
610 1 |a учебники 
686 |a У9(2)40я73  |v LBC/SL-A  |2 rubbk 
700 1 |a Лукинский  |b В. С.  |g Валерий Сергеевич 
701 1 |a Лукинский  |b В. В.  |g Владислав Валерьевич 
701 1 |a Плетнева  |b Н. Г.  |g Наталия Геннадиевна 
712 0 2 |a Высшая школа экономики (ВШЭ)  |b Национальный исследовательский университет (НИУ)  |c (Москва)  |c (2010- )  |2 stltpush  |3 (RuTPU)RU\TPU\col\17951 
801 1 |a RU  |b 63413507  |c 20160226 
801 2 |a RU  |b 63413507  |c 20160406  |g RCR 
900 |a Логистика 
942 |c BK 
951 |l 8.1 
959 |a 24/20160224  |d 1  |e 769,00  |f ЧЗГЛ:1